00928nam a2200289 i 4500001000400000245010100004260006200105300002800167490003300195504003100228650001400259650001800273700002200291700002200313830002800335020001500363040000800378041000800386044000800394080000600402920001800408942000700426008004100433999001700474856009800491952004900589bgj10aPostmoderne :bZeichen eines kulturellen Wandels /chrsg. von Andreas Huyssen, Klaus R. Scherpe. aReinbek bei Hamburg :bRowohlt Taschenbuch Verlag,c1986. a347 s. :bil. ;c19 cm.1 aRowohlts Enzyklopädiev427 aBibliogr. 329-340. Indeks.9 aFilozofia9 aPostmodernizm1 aHUYSSEN, Andreas.1 aSCHERPE, Klaus R. aRowohlts Enzyklopädie a3499554275 cBPK0 ager aDEU a1 a3-499-55427-5 cKS s gw f |000 0 ger  c50950d50950 uhttp://koha.tu.koszalin.pl/cgi-bin/koha/opac-detail.pl?biblionumber=50950yKatalog online BPK 00104070aBPKbBPKckwoN 62p02121598yKS